[Event "Hamburg-chA"]
[Site "Hamburg"]
[Date "2017.06.11"]
[Round "7"]
[White "Boelke, Mark"]
[Black "Sohrabi, Mershad"]
[Result "1/2-1/2"]
[WhiteElo "1578"]
[BlackElo "1586"]
[PlyCount "121"]
[EventDate "2017.06.03"]
[EventType "swiss"]
[EventRounds "7"]
[EventCountry "GER"]
[SourceTitle "CBM 179 Extra"]
[Source "ChessBase"]
[SourceDate "2017.08.23"]
[SourceVersion "1"]
[SourceVersionDate "2017.08.23"]
[SourceQuality "1"]

1. d4 d5 2. Bf4 Nf6 3. e3 c6 4. c3 Nbd7 5. Nd2 g6 6. Be2 Bg7 7. h4 h5 8. Ngf3 Ng4 9. Nh2 e5 10. dxe5 Nxh2 11. Rxh2 Bxe5 12. Bxe5 Nxe5 13. Nf3 Nxf3+ 14. Bxf3 Qd6 15. Rh1 Bf5 16. g4 hxg4 17. Bxg4 Qe6 18. Qd4 Rh7 19. Bxf5 Qxf5 20. Ke2 f6 21. Rag1 Qc2+ 22. Kf3 Kf7 23. Qg4 Re8 24. Qb4 Qe4+ 25. Qxe4 Rxe4 26. Rg4 f5 27. Rxe4 fxe4+ 28. Kg4 Rh5 29. Rf1 Ke6 30. f3 exf3 31. Rxf3 Ke7 32. Rf4 Re5 33. Kf3 g5 34. hxg5 Rxg5 35. e4 dxe4+ 36. Rxe4+ Kd6 37. b4 Rg1 38. Rd4+ Kc7 39. a4 b6 40. Ke4 c5 41. bxc5 bxc5 42. Rc4 Kc6 43. Kd3 Kd5 44. Rh4 c4+ 45. Ke3 Rd1 46. Rh5+ Kc6 47. Rh6+ Kc5 48. Rh5+ Kb6 49. a5+ Ka6 50. Rc5 Rd3+ 51. Ke2 Rxc3 52. Kd2 Rb3 53. Rxc4 Kxa5 54. Kc2 Rg3 55. Rc3 Rg2+ 56. Kb3 Kb5 57. Rc2 Rg1 58. Rc3 a5 59. Rc8 a4+ 60. Ka3 Rg3+ 61. Ka2 1/2-1/2

[Event "Hamburg-chA"]
[Site "Hamburg"]
[Date "2017.06.10"]
[Round "6"]
[White "Garner, Isaac"]
[Black "Boelke, Mark"]
[Result "0-1"]
[WhiteElo "1456"]
[BlackElo "1578"]
[PlyCount "30"]
[EventDate "2017.06.03"]
[EventType "swiss"]
[EventRounds "7"]
[EventCountry "GER"]
[SourceTitle "CBM 179 Extra"]
[Source "ChessBase"]
[SourceDate "2017.08.23"]
[SourceVersion "1"]
[SourceVersionDate "2017.08.23"]
[SourceQuality "1"]

1. Nf3 f5 2. d3 Nf6 3. e4 fxe4 4. Ng5 exd3 5. Bxd3 g6 6. h4 d6 7. Nc3 Nc6 8. Nce4 Ne5 9. Bf4 Nxd3+ 10. Qxd3 Bf5 11. Qe2 e5 12. 0-0-0 Qe7 13. Nxf6+ Qxf6 14. Qb5+ Bd7 15. Qxb7 Qxf4+ 0-1